<?xml version="1.0" encoding="UTF-8"?>
<record
    xmlns:xsi="http://www.w3.org/2001/XMLSchema-instance"
    xsi:schemaLocation="http://www.loc.gov/MARC21/slim http://www.loc.gov/standards/marcxml/schema/MARC21slim.xsd"
    xmlns="http://www.loc.gov/MARC21/slim">

  <leader>00435nam a2200157   4500</leader>
  <controlfield tag="001">45217</controlfield>
  <datafield tag="090" ind1=" " ind2=" ">
    <subfield code="a">45217</subfield>
  </datafield>
  <datafield tag="100" ind1=" " ind2=" ">
    <subfield code="a">20251125              pory50       </subfield>
  </datafield>
  <datafield tag="101" ind1=" " ind2=" ">
    <subfield code="a">por</subfield>
  </datafield>
  <datafield tag="102" ind1=" " ind2=" ">
    <subfield code="a">PT</subfield>
  </datafield>
  <datafield tag="200" ind1=" " ind2=" ">
    <subfield code="a">O referencial</subfield>
    <subfield code="e">Revista da Associa&#xE7;&#xE3;o 25 de Abril</subfield>
    <subfield code="f"> Associa&#xE7;&#xE3;o 25 de Abril</subfield>
    <subfield code="g">dir Aniceto Afonso ... [et al.]</subfield>
  </datafield>
  <datafield tag="210" ind1=" " ind2=" ">
    <subfield code="a">Lisboa</subfield>
    <subfield code="c"> Associa&#xE7;&#xE3;o 25 de Abril</subfield>
    <subfield code="d">-2023</subfield>
  </datafield>
  <datafield tag="215" ind1=" " ind2=" ">
    <subfield code="a">v.</subfield>
  </datafield>
  <datafield tag="675" ind1=" " ind2=" ">
    <subfield code="a">32(469)</subfield>
  </datafield>
  <datafield tag="801" ind1=" " ind2=" ">
    <subfield code="a">PT</subfield>
    <subfield code="g">RPC</subfield>
  </datafield>
  <datafield tag="990" ind1=" " ind2=" ">
    <subfield code="c">PERIODICOS</subfield>
  </datafield>
  <datafield tag="995" ind1=" " ind2=" ">
    <subfield code="1">0</subfield>
    <subfield code="9">75704</subfield>
    <subfield code="b">BMR</subfield>
    <subfield code="c">BMR</subfield>
    <subfield code="f">055910</subfield>
    <subfield code="k">32(469)(05) ASS</subfield>
    <subfield code="o">-1</subfield>
    <subfield code="r">PERIODICOS</subfield>
    <subfield code="u">2023 n.&#xBA; 148</subfield>
  </datafield>
</record>
